000 00316nam a2200109Ia 4500
008 180116s9999 xx 000 0 und d
020 _a9781469897929
245 _cMary L. Turgeon
_aClinical Hematology Theory and Procedures
250 _a5th ed
260 _bLippincott Williams & Wilkins
_c2012
300 _a608 pages
999 _c353273
_d353273